Atlético de Madrid Squad 2012-2013 - Statistics

General Stats
  • This quiz has been taken 32 times
  • The average score is 15 of 26
Answer Stats
# Position Nation Player % Correct
10 FW Turkey Arda Turan
100%
2 DF Uruguay Diego Godín
100%
6 MF Spain Koke
100%
13 GK Belgium Thibaut Courtois
100%
14 MF Spain Gabi
95%
9 FW Colombia Radamel Falcao
95%
5 MF Portugal Tiago Mendes
95%
3 DF Brazil Filipe Luís
90%
20 DF Spain Juanfran Torres
90%
- Coach Argentina Diego Simeone
75%
11 MF Uruguay Cristian Rodríguez
65%
19 FW Spain Diego Costa
65%
23 DF Brazil Miranda
65%
7 FW Spain Adrián López
60%
4 MF Spain Mario Suárez
55%
8 MF Spain Raúl García
50%
16 MF Spain Óliver Torres
45%
22 DF Argentina Emiliano Insúa
30%
21 MF Turkey Emre Belözoğlu
30%
26 DF Spain Javier Manquillo
30%
1 GK Spain Sergio Asenjo
30%
18 DF Argentina Cata Díaz
20%
15 DF Spain Domingo Cisma
15%
25 GK Spain Joel Robles
15%
17 DF Portugal Sílvio
15%
12 DF Spain Jorge Pulido
10%
No matching quizzes found
Score Distribution
Percent of People with Each Score
Percentile by Number Answered
Your Score History
You have not taken this quiz